[Event "AUT-ch U12"]
[Site "Vienna"]
[Date "2008.05.11"]
[Round "3"]
[White "Menezes, Christoph"]
[Black "Schamberger, Maximilian"]
[Result "1-0"]
[WhiteElo "1776"]
[BlackElo "1391"]
[PlyCount "89"]
[EventDate "2008.05.10"]
[EventType "swiss"]
[EventRounds "7"]
[EventCountry "AUT"]
[SourceTitle "EXT 2009"]
[Source "ChessBase"]
[SourceDate "2008.11.26"]
[SourceVersion "1"]
[SourceVersionDate "2008.11.26"]
[SourceQuality "1"]

1. d4 d5 2. c4 e6 3. Nf3 c6 4. Nc3 Nf6 5. e3 Be7 6. Qc2 Nbd7 7. g4 0-0 8. Rg1 g6 9. Bd2 Re8 10. 0-0-0 Rf8 11. Bd3 Ne8 12. e4 dxc4 13. Bxc4 Ng7 14. Bh6 b5 15. Bb3 a5 16. a4 b4 17. Ne2 c5 18. h4 Ba6 19. Bc4 Bxc4 20. Qxc4 cxd4 21. Qxd4 Rc8+ 22. Kb1 Bf6 23. Qxd7 Qb6 24. Be3 Qc7 25. Qxc7 Rxc7 26. Bd4 Be7 27. Rc1 Rd7 28. Bc5 Bxc5 29. Rxc5 Ne8 30. Rgc1 Nd6 31. Ng3 Rdd8 32. Rxa5 Ra8 33. Rxa8 Rxa8 34. Rc6 Ne8 35. Rc4 Rxa4 36. b3 Ra8 37. Rxb4 Nd6 38. e5 Ne8 39. Ne4 Rd8 40. Nf6+ Nxf6 41. exf6 Rd1+ 42. Kc2 Rd8 43. Rc4 Rb8 44. b4 Rb5 45. Rc8# 1-0